Diagnostika vývoja okolia podnikov na Slovensku v období hospodárskej krízy

Spracovanie diagnostiky podniku a definovanie jednotlivých úrovní okolia podniku. Faktory, ktoré bezprostredne pôsobia na všetky podniky prostredníctvom štyroch základných sektorov. Dopady hospodárskej krízy na vývoj Slovenska.

Guardado en:
Detalles Bibliográficos
Autor principal: Deáková, Stanislava, 1974-
Formato: Capítulo de libro
Lenguaje:eslovaco
Materias:
Etiquetas: Agregar Etiqueta
Sin Etiquetas, Sea el primero en etiquetar este registro!

MARC

LEADER 00000naa$a2200000$$$4500
001 0130067
005 20240502072504.8
041 0 |a slo 
044 |a SK 
245 1 0 |a Diagnostika vývoja okolia podnikov na Slovensku v období hospodárskej krízy  |c Stanislava Deáková 
520 |a Spracovanie diagnostiky podniku a definovanie jednotlivých úrovní okolia podniku. Faktory, ktoré bezprostredne pôsobia na všetky podniky prostredníctvom štyroch základných sektorov. Dopady hospodárskej krízy na vývoj Slovenska. 
610 2 0 |a kríza hospodárska 
610 2 0 |a Slovensko 
610 2 0 |a sektory hospodárske 
610 2 0 |a makroekonomika 
610 2 0 |a prostredie podnikateľské 
610 2 0 |a diagnostika podniková 
610 2 0 |a ukazovatele ekonomické 
610 2 0 |a ukazovatele produktivity práce 
610 2 0 |a ukazovatele sociálne 
610 2 0 |a nezamestnanosť 
610 2 0 |a inflácia 
100 1 |a Deáková, Stanislava, 1974-